| Tag |
First Indicator |
Second Indicator |
Subfields |
| LEADER |
00000cam a2200000 4500 |
| 001 |
in00001960049 |
| 006 |
m | d | |
| 007 |
cr |n||||||||n |
| 008 |
790922s1705 enk|||| s 00||||eng d |
| 005 |
20260413202429.4 |
| 035 |
|
|
|a (CStRLIN)ESTCT65661
|
| 040 |
|
|
|a Uk-ES
|c Uk-ES
|d CStRLIN
|d Thomson Gale
|d UtOrBLW
|
| 100 |
1 |
|
|a Barrington, John Shute Barrington,
|c Viscount,
|d 1678-1734.
|
| 240 |
1 |
0 |
|a Rights of Protestant dissenters.
|p Part 1
|
| 245 |
1 |
4 |
|a The rights of Protestant dissenters :
|b In two parts. The first being the case of the dissenters review'd. The second a vindication of their right to an absolute toleration, from the objections of Sir H. Mackworth, in his treatise intitled, Peace at home, &c. ... The second edition corrected and enlarg'd. With a postscript ...
|
| 264 |
|
3 |
|a London :
|b printed in the year,
|c 1705.
|
| 300 |
|
|
|a 103, 1 unnumbered page ;
|c 4⁰.
|
| 336 |
|
|
|a text
|b txt
|2 rdacontent
|
| 337 |
|
|
|a computer
|b c
|2 rdamedia
|
| 338 |
|
|
|a online resource
|b cr
|2 rdacarrier
|
| 500 |
|
|
|a Anonymous. By John Shute Barrington.
|
| 500 |
|
|
|a Intended as a companion volume to part 2, published in 1705.
|
| 500 |
|
|
|a Reproduction of original from the British Library.
|
| 510 |
4 |
|
|a English Short Title Catalog,
|c ESTCT65661.
|
| 533 |
|
|
|a Electronic reproduction.
|b Farmington Hills, Mich. :
|c Thomson Gale,
|d 2003.
|n Available via the World Wide Web.
|n Access limited by licensing agreements
|7 s2003 miunns
|
| 500 |
|
|
|a Electronic resource.
|
| 830 |
|
0 |
|a Eighteenth century collections online.
|
| 856 |
4 |
0 |
|u http://proxy.library.tamu.edu/login?url=https://galenet.galegroup.com/servlet/ECCO?c=1&stp=Author&ste=11&af=BN&ae=T065661&tiPG=1&dd=0&dc=flc&docNum=CW120369041&vrsn=1.0&srchtp=a&d4=0.33&n=10&SU=0LRF&locID=txshracd2898
|z Full text online
|t 0
|
| 999 |
|
|
|a MARS
|
| 999 |
f |
f |
|s ae9396bb-aba9-36da-8499-5302973d71b8
|i 70cc24f5-1531-357b-b30e-35f9065b5300
|t 0
|
| 952 |
f |
f |
|a Texas A&M University
|b College Station
|c Electronic Resources
|s www_evans
|d Available Online
|t 0
|h No information provided
|
| 998 |
f |
f |
|t 0
|l Available Online
|